| 000 | 00777cam a22002531 4500 | ||
|---|---|---|---|
| 001 | sa 65000037 | ||
| 003 | DLC | ||
| 005 | 20260227112100.0 | ||
| 008 | 760505s1964 ii b 000 0 eng | ||
| 010 | _asa 65000037 | ||
| 025 | _aPL480:I-E-3143 | ||
| 035 | _a(OCoLC)2158990 | ||
| 040 |
_aDLC _cOAkU _dOCoLC _dDLC |
||
| 042 | _apremarc | ||
| 050 | 0 | 0 |
_aPK1508 _b.S2 |
| 100 | 1 |
_aSarkar, Amal, _d1923- _eed. |
|
| 245 | 1 | 0 |
_aHandbook of languages and dialects of India. _cWith an introd. by Y.M. Mulay. |
| 260 |
_aCalcutta, _bDistributors: Firma K.L. Mukhopadhyay, _c1964. |
||
| 300 |
_axx, 109 p. _c22 cm. |
||
| 490 | 0 | _aReference and information series | |
| 504 | _aBibliographical footnotes. | ||
| 651 | 0 |
_aIndia _xLanguages. |
|
| 740 | 0 | _aLanguages and dialects of India. | |
| 999 |
_c61347 _d61347 |
||